Warisan al-Quran : (Record no. 69973)

MARC details
000 -LEADER
fixed length control field 00958nam a2200313 i 4500
001 - CONTROL NUMBER
control field C2-0258375
003 - CONTROL NUMBER IDENTIFIER
control field PPAK
005 - DATE AND TIME OF LATEST TRANSACTION
control field 20180727225032.0
008 - FIXED-LENGTH DATA ELEMENTS--GENERAL INFORMATION
fixed length control field 041007s2003 my |||| ||||| | eng d
020 ## - INTERNATIONAL STANDARD BOOK NUMBER
International Standard Book Number 9832514479 ; 9789832514473
040 ## - CATALOGING SOURCE
Original cataloging agency PPAK
Language of cataloging eng
Transcribing agency PPAK
Description conventions rda
082 04 - DEWEY DECIMAL CLASSIFICATION NUMBER
Classification number 297.273
Edition number 23
090 00 - LOCALLY ASSIGNED LC-TYPE CALL NUMBER (OCLC); LOCAL CALL NUMBER (RLIN)
Classification number (OCLC) (R) ; Classification number, CALL (RLIN) (NR) 297.273
Feature heading WAR
Feature heading G
Classification number (OCLC) (R) ; Classification number, CALL (RLIN) (NR) 297.273
Feature heading WAR
Feature heading R
245 00 - TITLE STATEMENT
Title Warisan al-Quran :
Remainder of title sosioekonomi
264 #1 - PRODUCTION, PUBLICATION, DISTRIBUTION, MANUFACTURE, AND COPYRIGHT NOTICE
Place of production, publication, distribution, manufacture Pulau Pinang :
Name of producer, publisher, distributor, manufacturer Penerbit Universiti Sains Malaysia ,
Date of production, publication, distribution, manufacture, or copyright notice 2003
300 ## - PHYSICAL DESCRIPTION
Extent xiii, 247 pages ;
Dimensions 22 cm
336 ## - CONTENT TYPE
Source rdacontent
Content type term text
337 ## - MEDIA TYPE
Source rdamedia
Media type term unmediated
338 ## - CARRIER TYPE
Source rdacarrier
Carrier type term volume
650 10 - SUBJECT ADDED ENTRY--TOPICAL TERM
Topical term or geographic name entry element Islam and economics. ; Islam and social problems.
700 0# - ADDED ENTRY--PERSONAL NAME
Personal name Noor Shakirah Mat Akhir
Relator term editor
Personal name Mohd. Radzi Othman
Relator term editor
Personal name Atikullah Abdullah
Relator term editor
Personal name Zaleha Muhamat
Relator term editor
Personal name Usman Yaakob
Relator term editor
Personal name Ismail Omar,
Relator term editor
942 ## - ADDED ENTRY ELEMENTS (KOHA)
-- dc
Koha item type Book
Holdings
Withdrawn Not for loan Current library Shelving location Date acquired Full call number Barcode Date last seen Koha item type
  Not For Loan Perpustakaan Alor Setar Rujukan Dewasa 29/06/2005 R 297.273 WAR A01087172 08/05/2018 Book
    Perpustakaan Kulim Pinjaman Dewasa 28/09/2004 297.273 WAR A01070390 08/05/2018 Book
    Perpustakaan Kulim Pinjaman Dewasa 28/09/2004 297.273 WAR A01070391 08/05/2018 Book
    Perpustakaan Langkawi Pinjaman Dewasa 23/02/2016 297.273 WAR A00877259 08/05/2018 Book
    PD20, Felda Lubuk Merbau, Pendang Pinjaman Dewasa 27/01/2022 297.273 WAR A00744077 27/01/2022 Book